=LDR 00000nam 2200000 4500 =001 INLIS000000000042278 =005 20141220111017.0 =006 =007 =008 ind =035 ##$$0010-101300000000200 =041 ##$$a ind =082 ##$$a 813 =090 ##$$a 813, Moh r =100 ##$$a Mohan, Sari safitri =245 ##$$a rembulan gading, Sari Safitri Mohan =260 ##$$a 2010 $b jakarta =300 ##$$a 229 hlmc21 cm =850 ##$$a NBPNMAT